00405 a2200109 4500001001000000005001700010008004100027245005300068100003000121773012700151999001700278ART_2363220260410161932.0260409a 10aEstudio de la población a travez de los censos1 aMercado de Liserre, Mabel0 tRevista de la Facultad de Ciencias Económicas de la Universidad de Cuyog- Año XXIV, Nº 72 (sep./dic. 1972)wREV22981 c28678d28678